Poloprevádzkový monitoring USB reaktora s anoxickou granulovanou biomasou

Enregistré dans:
Détails bibliographiques
Auteur principal: Gyuricsek, Štefan
Format: Livre
Langue:slovaque
Publié: Bratislava STU FCHPT 2010
Accès en ligne:Voir à l'OPAC
Tags: Ajouter un tag
Pas de tags, Soyez le premier à ajouter un tag!

MARC

LEADER 00000nam a2200000 a 4500
005 20260127133939.0
008 100712 2010 xo 000 0 slo d
035 |a vtls010113850 
039 9 |y 201007120724  |z mschk03 
040 |a STUSCHK1  |b slo  |c STUSCHK1  |e AACR2 
100 1 |a Gyuricsek, Štefan 
245 1 |a Poloprevádzkový monitoring USB reaktora s anoxickou granulovanou biomasou  |c Štefan Gyuricsek 
260 |a Bratislava  |b STU FCHPT  |c 2010 
300 |a 43 s.  |b il.  |c 30cm 
500 |a Obháj.: 7.6. 2010 
500 |a Študijný program: chémia a technológia životného prostredia 
500 |a Študijný odbor: 5.2.18 chemické technológie 
500 |a Miesto vypracovania: Oddelenie environmentálneho inžinierstva, FCHPT 
500 |a Evidenčné číslo: FCHPT-5429-25593 
910 |a SCHK95 
999 |c 651  |d 651